<?xml version="1.0" encoding="UTF-8"?>
<record
    xmlns:xsi="http://www.w3.org/2001/XMLSchema-instance"
    xsi:schemaLocation="http://www.loc.gov/MARC21/slim http://www.loc.gov/standards/marcxml/schema/MARC21slim.xsd"
    xmlns="http://www.loc.gov/MARC21/slim">

  <leader>02074nam a2200277 i 4500</leader>
  <controlfield tag="003">OSt</controlfield>
  <controlfield tag="005">20240115093649.0</controlfield>
  <controlfield tag="008">240115s2022    fr aoche      000 0 eng d</controlfield>
  <datafield tag="020" ind1=" " ind2=" ">
    <subfield code="a">9782080287526</subfield>
    <subfield code="c">RM341.00</subfield>
    <subfield code="q">hardback</subfield>
  </datafield>
  <datafield tag="040" ind1=" " ind2=" ">
    <subfield code="a">PPAK</subfield>
    <subfield code="b">eng</subfield>
    <subfield code="c">PPAK</subfield>
    <subfield code="e">rda</subfield>
  </datafield>
  <datafield tag="082" ind1="0" ind2="4">
    <subfield code="2">23</subfield>
    <subfield code="a">923.394473927</subfield>
  </datafield>
  <datafield tag="090" ind1="0" ind2="0">
    <subfield code="a">923.394473927</subfield>
    <subfield code="b">MEY</subfield>
    <subfield code="d">R</subfield>
  </datafield>
  <datafield tag="245" ind1="1" ind2="0">
    <subfield code="a">FRED the sunlight jeweller /</subfield>
    <subfield code="c">Vincent Meylan</subfield>
  </datafield>
  <datafield tag="264" ind1=" " ind2="1">
    <subfield code="a">Paris : </subfield>
    <subfield code="b">Flammarion, </subfield>
    <subfield code="c">2022</subfield>
  </datafield>
  <datafield tag="300" ind1=" " ind2=" ">
    <subfield code="a"> 251 pages : </subfield>
    <subfield code="b">colour photographs, colour portraits, facsimiles ;</subfield>
    <subfield code="c">32 cm</subfield>
  </datafield>
  <datafield tag="336" ind1=" " ind2=" ">
    <subfield code="a">text</subfield>
    <subfield code="2">rdacontent</subfield>
  </datafield>
  <datafield tag="337" ind1=" " ind2=" ">
    <subfield code="a">unmediated</subfield>
    <subfield code="2">rdamedia</subfield>
  </datafield>
  <datafield tag="338" ind1=" " ind2=" ">
    <subfield code="a">volume</subfield>
    <subfield code="2">rdacarrier</subfield>
  </datafield>
  <datafield tag="504" ind1=" " ind2=" ">
    <subfield code="a">
Includes bibliographical references.</subfield>
  </datafield>
  <datafield tag="520" ind1=" " ind2=" ">
    <subfield code="a">"The story of Maison FRED is the tale of a truly distinguished gentleman who-as a young man richly endowed with natural talents-believed that, for him, nothing was impossible. In 1936, Fred Samuel opened his first boutique at 6 Rue Royale in Paris, where he brought a fresh and dynamic spirit to his jewellery designs, reflecting the brilliant sunlight of Argentina, his birthplace and childhood home. From the iconic Force 10 bracelet to the Pretty Woman collection, his heritage has imbued the Maison with a unique personality, setting it apart from all competitors. Forming part of an ambitious project to shape the legacy of Maison FRED, a distinctively French creator of precious jewellery, this book is a family history, a celebration of extraordinary jewels and, above all, a tribute to Maison FRED&#x2019;s founder, whose values and spirit continue to inspire contemporary jewellers. Drawing on numerous archival documents, gouache design studies, and splendid examples of precious jewels, this volume depicts the full scope of a rich and living heritage, the embodiment and source of inventiveness for the young generations and the creators of today and tomorrow"-- </subfield>
    <subfield code="c">Provided by publisher</subfield>
  </datafield>
  <datafield tag="600" ind1="1" ind2=" ">
    <subfield code="a">Samuel, Fred,</subfield>
    <subfield code="d">1908-</subfield>
  </datafield>
  <datafield tag="600" ind1="1" ind2=" ">
    <subfield code="a">FRED (Jewelers)</subfield>
    <subfield code="v">History</subfield>
  </datafield>
  <datafield tag="650" ind1="1" ind2="0">
    <subfield code="a">Jewelers</subfield>
    <subfield code="z">France</subfield>
    <subfield code="z">Paris</subfield>
    <subfield code="v">History</subfield>
  </datafield>
  <datafield tag="655" ind1=" " ind2="7">
    <subfield code="a">History</subfield>
  </datafield>
  <datafield tag="942" ind1=" " ind2=" ">
    <subfield code="2">ddc</subfield>
    <subfield code="c">B</subfield>
  </datafield>
  <datafield tag="999" ind1=" " ind2=" ">
    <subfield code="c">194545</subfield>
    <subfield code="d">194545</subfield>
  </datafield>
  <datafield tag="952" ind1=" " ind2=" ">
    <subfield code="0">0</subfield>
    <subfield code="7">1</subfield>
    <subfield code="b">PPAK</subfield>
    <subfield code="c">R</subfield>
    <subfield code="d">2024-01-28</subfield>
    <subfield code="l">0</subfield>
    <subfield code="o">R 923.394473927 MEY</subfield>
    <subfield code="p">A01810699</subfield>
    <subfield code="r">2024-01-28 16:36:39</subfield>
    <subfield code="y">B</subfield>
  </datafield>
</record>
